ბათუმის შოთა რუსთაველის სახელმწიფო უნივერსიტეტის ბიბლიოთეკა

ჰერალდიკური არაბესკები / (ბიბ.ჩანაწერი № 60402)

000 -ლიდერი
ფიქსირებული სიგრძის საკონტროლო ველი 01478nam a22002417a 4500
003 - საკონტროლო ნომრის იდენტიფიკატორი
საკონტროლო ველი Ge_BSU
005 - ბოლო ოპერაციის თარიღი და დრო
საკონტროლო ველი 20230712114648.0
008 - ფიქსირებული სიგრძის მონაცემთა ელემენტები - ზოგადი ინფორმაცია
ფიქსირებული სიგრძის საკონტროლო ველი 230712s2016ge xxu||||| |||| 00| 0 geo d
041 ## - ენის კოდი
Language code of text/sound track or separate title geo
080 ## - უნივერსალური ათობითი კლასიფიკაციის ინდექსი
Universal Decimal Classification number 929.6(479.22) გ-16
100 ## - მთავარი ჩანაწერი - პიროვნების სახელი
Personal name გაიპარაშვილი, ზურაბ, ავტორი.
9 (RLIN) 8311
245 ## - ცნობა სათაურის შესახებ
Title ჰერალდიკური არაბესკები /
Statement of responsibility, etc ზურაბ გაიპარაშვილი ; რედ. გურამ ლორთქიფანიძე ; გარეკანის დიზაინერი თინათინ ჩირინაშვილი
264 ## - წარმოების, გამოცემის, დისტრიბუციის და სხვა ცნობები
გამოცემის, წარმოების, დისტრიბუციის... ადგილი თბილისი :
გამოცემის, წარმოების, დისტრიბუციის... სახელწოდება თბილ. უნ-ტის გამ-ბა
გამოცემის, წარმოების, დისტრიბუციის... თარიღი 2016.
300 ## - ფიზიკური აღწერა
Extent 262 გვ. :
Other physical details ილ. ;
Dimensions 20 სმ.
500 ## - ზოგადი შენიშვნა
General note საძიებელი: გვ. 246-250.
504 ## - BIBLIOGRAPHY, ETC. NOTE
Bibliography, etc ბიბლიოგრ.: გვ. 251-260.
520 ## - SUMMARY, ETC.
Summary, etc რეზიუმე ინგლ. და რუს. ენებზე.
653 ## - INDEX TERM--UNCONTROLLED
Uncontrolled term ქართული ჰერალდიკა
700 ## - ADDED ENTRY--PERSONAL NAME
Personal name ლორთქიფანიძე, გურამ
Relator term რედაქტორი
9 (RLIN) 15412
700 ## - ADDED ENTRY--PERSONAL NAME
Personal name ჩირინაშვილი, თინათინ
Relator term გარეკანის დიზაინერი
9 (RLIN) 18081
710 ## - ADDED ENTRY--CORPORATE NAME
Corporate name or jurisdiction name as entry element ივანე ჯავახიშვილის სახ. თბილისის სახელმწ. უნ-ტი.
9 (RLIN) 19265
942 ## - ADDED ENTRY ELEMENTS (KOHA)
Source of classification or shelving scheme
Koha item type წიგნი
ეგზემპლარები
ჩამოწერის სტატუსი დაკარგული ეგზემპლარის სტატუსი კლასიფიკაციის წყარო ან თაროზე გაწყობის სქემა დაზიანების სტატუსი არ გაიცემა მუდმივი მდებარეობა (დაცვის ადგილი) ამჟამინდელი ადგილსამყოფელი თაროზე განთავსების ადგილი შეძენის თარიღი ღირებულება, შესყიდვის ნორმალური ფასი სრული შენახვის შიფრი შტრიხკოდი ბოლო ოპერაციის თარიღი ეგზემპლარის მიმდევრობითი ნომერი (კეტერი?) Uniform Resource Identifier ფასის ძალაში შესვლის თარიღი ეგზემპლარის სახეობა საჯარო შენიშვნა
          ბათუმის შოთა რუსთაველის სახელმწიფო უნივერსიტეტის მთავარი ბიბლიოთეკა ბათუმის შოთა რუსთაველის სახელმწიფო უნივერსიტეტის მთავარი ბიბლიოთეკა წიგნსაცავი 2023-07-12 8.00 929.6(479.22) გ-16 64940 2023-07-12 64940 ბსუ-ს საპატიო დოქტორის გურამ ლორთქიფანიძის საჩუქარი 2023-07-12 წიგნი 8.00